| 000 | 00776nam a22002177a 4500 | ||
|---|---|---|---|
| 003 | OSt | ||
| 005 | 20260122200122.0 | ||
| 008 | 230521b ||||| |||| 00| 0 eng d | ||
| 040 |
_aSSBUL _cSSBUL |
||
| 041 | _ashan | ||
| 082 | _a398.2 | ||
| 245 | _aဢလွင်းမႁူဝ်ၶဵဝ်လႄႈၼၢင်းမူဝ်ၶမ်း။ | ||
| 260 |
_aသီႇပေႃႉ _bတိုင်းၵံပေႃၸ |
||
| 300 |
_a52 ၼႃႈ _c18 ၸိၼ်ႇထီႇ |
||
| 500 | _aS-SAT: Dr. Prof Sai Aung Tun | ||
| 500 | _aပပ်ႉၸဝ်ႈတႃႇၼႁင်းၶေႃ တွၵ်ႉတိူဝ်ႇၸႆးဢွင်ႇထုၼ်း | ||
| 650 |
_aဢပုမ်ႇတႆး _921391 |
||
| 942 | _cBK1 | ||
| 942 | _2ddc | ||
| 942 | _2ddc | ||
| 999 |
_c24617 _d24617 |
||